Statistics for Oklahoma Counties Quiz

Click here to take the quiz!

General Stats

  • This quiz has been taken 3,990 times
  • The average score is 36 of 77

Answers on the Map

Answers color-coded by a green-red scale on the quiz's map according to % correct below.
Loading ...
 

Answer Stats

Answer% Correct
Oklahoma
85%
Tulsa
81%
Texas
76%
Washington
72%
Cherokee
67%
Osage
66%
Cimarron
62%
Beaver
60%
Lincoln
60%
Jefferson
59%
Jackson
58%
Choctaw
55%
Grant
54%
Comanche
53%
Canadian
53%
Muskogee
52%
Cleveland
52%
Pawnee
51%
Adair
51%
Love
50%
Kay
50%
Creek
50%
McCurtain
49%
Ottawa
49%
Seminole
49%
Le Flore
48%
Garfield
48%
Alfalfa
48%
Okmulgee
47%
Delaware
47%
Rogers
47%
Johnston
47%
Roger Mills
46%
Payne
45%
Logan
45%
Woodward
45%
Caddo
45%
Woods
44%
Ellis
44%
Kingfisher
43%
Carter
43%
Custer
43%
Atoka
42%
Mayes
42%
McClain
42%
Grady
42%
Kiowa
42%
Coal
41%
Harper
41%
Pottawatomie
41%
Bryan
40%
Nowata
40%
Okfuskee
40%
Beckham
40%
Wagoner
40%
Craig
40%
Sequoyah
40%
Pittsburg
39%
Pushmataha
39%
Greer
39%
Marshall
39%
Garvin
39%
Major
38%
Cotton
38%
Dewey
38%
Noble
38%
Blaine
38%
McIntosh
37%
Washita
37%
Harmon
36%
Murray
36%
Hughes
35%
Stephens
35%
Tillman
35%
Haskell
35%
Latimer
35%
Pontotoc
33%

Score Distribution

Percentile by Number Answered

Percent of People with Each Score

Your Score History

You have not taken this quiz